[Event "InventiChess GM"]
[Site "Antwerp BEL"]
[Date "2010.09.09"]
[Round "7"]
[White "De Jong,JW"]
[Black "Michiels,B"]
[Result "1/2-1/2"]
[WhiteElo "2444"]
[BlackElo "2459"]
[EventDate "2010.09.03"]

1. d4 d5 2. c4 c6 3. Nf3 Nf6 4. Nc3 e6 5. Bg5 Nbd7 6. cxd5 cxd5 7. e3 a6 8.
Bd3 b5 9. Ne5 Nxe5 10. dxe5 h6 11. Bh4 g5 12. Bg3 Nd7 13. h4 Bg7 14. hxg5
hxg5 15. Rxh8+ Bxh8 16. f4 Bb7 17. Qh5 1/2-1/2

[Event "InventiChess GM"]
[Site "Antwerp BEL"]
[Date "2010.09.09"]
[Round "7"]
[White "Sokolov,Ivan"]
[Black "Van der Stricht,G"]
[Result "1-0"]
[WhiteElo "2641"]
[BlackElo "2392"]
[EventDate "2010.09.03"]

1. d4 d5 2. c4 c6 3. Nf3 Nf6 4. Nc3 dxc4 5. a4 Bf5 6. Nh4 Bc8 7. e3 e5 8.
Bxc4 exd4 9. exd4 Be7 10. O-O O-O 11. Re1 Nd5 12. Nf3 Be6 13. Qb3 Na6 14.
Ne5 Nab4 15. Bd2 a5 16. Rad1 Bf5 17. Ne4 Qc7 18. Rc1 Rad8 19. Ng3 Be6 20.
Nh5 g6 21. Bh6 f6 22. Nf4 Bf7 23. Nxf7 Rxf7 24. Bxd5 1-0

[Event "InventiChess GM"]
[Site "Antwerp BEL"]
[Date "2010.09.09"]
[Round "7"]
[White "Hovhanisian,M"]
[Black "Istratescu,A"]
[Result "0-1"]
[WhiteElo "2474"]
[BlackElo "2631"]
[EventDate "2010.09.03"]

1. d4 Nf6 2. c4 g6 3. Nc3 Bg7 4. e4 O-O 5. Nf3 d6 6. Be2 a5 7. O-O Na6 8.
h3 e5 9. dxe5 dxe5 10. Qxd8 Rxd8 11. Be3 Re8 12. c5 Bf8 13. Bxa6 Rxa6 14.
Nb5 Rc6 15. Na7 Rce6 16. Nxc8 Nxe4 17. Na7 c6 18. Rac1 Ra8 19. Rc4 Nf6 20.
Nxc6 bxc6 21. b3 Rb8 22. Re1 Rb5 23. Bg5 Nd5 24. Bd2 Bg7 25. Ng5 Re7 26.
Ne4 f5 27. Nd6 Rb8 28. Ra4 e4 29. Rxa5 Bd4 30. Ra6 Bxc5 31. Rxc6 Bb4 32.
Bxb4 Nxb4 33. Rc8+ Rxc8 34. Nxc8 Rc7 35. Nd6 Rc2 36. a4 Ra2 37. Nc4 Nd3 38.
Rd1 Kf7 39. Rd2 Ra1+ 40. Kh2 Ke6 41. Nb2 Ra2 42. Nc4 Rxd2 43. Nxd2 Nxf2 44.
Kg1 Nd3 45. Kf1 Kd5 46. g3 g5 47. a5 Nb4 48. Ke2 f4 49. gxf4 gxf4 50. Nc4
h6 51. Nd2 Kd4 52. h4 h5 53. Nc4 Na6 54. Nd6 Ke5 55. Nc4+ Kd5 56. Nd2 Kd4
57. Nc4 f3+ 58. Kf2 Nc5 59. Nd6 Nd3+ 60. Kg3 f2 61. Nf5+ Kc3 62. Kg2 Kd2
63. Kf1 e3 64. Ng3 Kd1 65. a6 Nc5 66. a7 Ne4 67. a8=Q Nxg3+ 68. Kg2 f1=Q+
69. Kxg3 Qf2+ 70. Kh3 Qf5+ 71. Kh2 Qe5+ 72. Kg2 e2 73. Qf3 Kc1 74. Qc6+ Kb2
0-1

[Event "InventiChess GM"]
[Site "Antwerp BEL"]
[Date "2010.09.10"]
[Round "8"]
[White "Hautot,S"]
[Black "Istratescu,A"]
[Result "1-0"]
[WhiteElo "2409"]
[BlackElo "2631"]
[EventDate "2010.09.03"]

1. e4 c5 2. c4 Nc6 3. Nc3 g6 4. g3 Bg7 5. Bg2 Nf6 6. Nge2 O-O 7. d3 Ne8 8.
Be3 Nd4 9. Qd2 d6 10. O-O Nc7 11. f4 f5 12. Rab1 a5 13. b3 Rb8 14. a4 Kh8
15. Nb5 Ncxb5 16. axb5 Nxe2+ 17. Qxe2 b6 18. Rbd1 e5 19. Bc1 exf4 20. Bxf4
Qf6 21. Rde1 Bd7 22. e5 dxe5 23. Bxe5 Qxe5 24. Qxe5 Bxe5 25. Rxe5 Rfe8 26.
Rfe1 Kg7 27. Rxe8 Rxe8 28. Rxe8 Bxe8 29. d4 cxd4 30. c5 Bxb5 31. cxb6 Ba6
32. b7 Bxb7 33. Bxb7 Kf6 34. Kf2 Ke5 35. Ke2 Kd6 36. Kd3 Kc5 37. Bc8 Kd5
38. Bb7+ Kc5 39. Bc8 Kd5 40. Ba6 g5 41. Bc4+ Ke5 42. Ba6 Kd5 43. Bb7+ Kc5
44. Bf3 f4 45. g4 h6 46. h3 Kb4 47. Bd1 Ka3 48. Kxd4 Kb2 49. Kc4 Kc1 50.
Bf3 Kd2 51. Kb5 Ke3 52. Bc6 f3 53. Kxa5 f2 54. Bg2 1-0

[Event "InventiChess GM"]
[Site "Antwerp BEL"]
[Date "2010.09.10"]
[Round "8"]
[White "Van der Stricht,G"]
[Black "Hovhanisian,M"]
[Result "0-1"]
[WhiteElo "2392"]
[BlackElo "2474"]
[EventDate "2010.09.03"]

1. d4 Nf6 2. c4 g6 3. Nc3 Bg7 4. e4 d6 5. Be2 O-O 6. Nf3 c5 7. d5 e6 8. O-O
exd5 9. exd5 Bf5 10. h3 Ne4 11. Nxe4 Bxe4 12. Ng5 Bf5 13. g4 Bc8 14. Bf4
Bxb2 15. Ne4 Be5 16. Bxe5 dxe5 17. Nxc5 b6 18. d6 Nc6 19. Bf3 Nd4 20. Bxa8
bxc5 21. Bd5 Qxd6 22. Qd3 Be6 23. Bxe6 fxe6 24. f3 Rxf3 25. Rxf3 Nxf3+ 26.
Qxf3 Qd4+ 27. Kg2 Qxa1 28. Qa8+ Kg7 29. Qxa7+ Kf6 30. Qxc5 Qxa2+ 31. Kh1
Qb1+ 32. Kg2 Qc2+ 33. Kh1 Qe4+ 34. Kh2 Qe2+ 35. Kg3 Qe1+ 36. Kg2 Qd2+ 37.
Kg3 Qd3+ 38. Kg2 Qc2+ 39. Kg3 Qc3+ 40. Kg2 Qd4 41. Qf8+ Kg5 42. c5 Qc4 43.
Kg3 Qc3+ 44. Kg2 e4 45. Qe7+ Kf4 46. Qd6+ e5 47. Qf6+ Ke3 48. c6 Ke2 49.
Qf1+ Kd2 50. Qf2+ Kd3 51. Qf1+ Kd4 52. Qd1+ Ke3 53. Qg1+ Kf4 54. Qf2+ Kg5
55. Qb6 Qf3+ 56. Kh2 Kh4 57. c7 Qe2+ 58. Kg1 Kg3 59. Qb3+ e3 0-1

[Event "InventiChess GM"]
[Site "Antwerp BEL"]
[Date "2010.09.10"]
[Round "8"]
[White "Michiels,B"]
[Black "Sokolov,Ivan"]
[Result "1-0"]
[WhiteElo "2459"]
[BlackElo "2641"]
[EventDate "2010.09.03"]

1. e4 e5 2. Nf3 Nc6 3. Nc3 Bb4 4. Nd5 Ba5 5. Bc4 Nf6 6. O-O d6 7. c3 Nxd5
8. exd5 Ne7 9. d4 exd4 10. Qa4+ c6 11. dxc6 bxc6 12. Nxd4 Bd7 13. Re1 d5
14. Ba6 Qc7 15. Bf4 Qxf4 16. Rxe7+ Kxe7 17. Nxc6+ Bxc6 18. Qxf4 1-0

[Event "InventiChess GM"]
[Site "Antwerp BEL"]
[Date "2010.09.10"]
[Round "8"]
[White "Piceu,T"]
[Black "De Jong,JW"]
[Result "0-1"]
[WhiteElo "2330"]
[BlackElo "2444"]
[EventDate "2010.09.03"]

1. d4 Nf6 2. Nf3 g6 3. Bf4 Bg7 4. e3 d6 5. h3 O-O 6. Be2 c5 7. O-O Be6 8.
c3 Qb6 9. Qc2 Nc6 10. Nbd2 Rac8 11. dxc5 Qxc5 12. Ng5 Bf5 13. e4 Nd4 14.
Qd3 Nxe2+ 15. Qxe2 Bd7 16. Be3 Qc7 17. f4 b5 18. Qf2 h6 19. Ngf3 Qb7 20.
Bxa7 Bc6 21. e5 dxe5 22. fxe5 Nd5 23. Bd4 Nf4 24. Nb3 Qd7 25. Nc5 Qd5 26.
a3 g5 27. Rad1 Rcd8 28. Kh2 f6 29. Be3 Qc4 30. Nd2 Rxd2 31. Qxd2 Nxg2 32.
Rf2 Nh4 33. b3 Qf7 34. Qe2 f5 35. Bd4 Qd5 36. c4 Nf3+ 37. Rxf3 Qxf3 38.
Qxf3 Bxf3 39. Rf1 Rd8 40. Ne6 Rxd4 41. Rxf3 Bxe5+ 42. Kg1 Rd6 43. Nxg5 hxg5
44. Rxf5 Bd4+ 45. Kg2 bxc4 46. Rxg5+ Kf7 47. bxc4 Ra6 0-1

[Event "InventiChess GM"]
[Site "Antwerp BEL"]
[Date "2010.09.10"]
[Round "8"]
[White "Docx,S"]
[Black "Meier,Geo"]
[Result "1/2-1/2"]
[WhiteElo "2342"]
[BlackElo "2659"]
[EventDate "2010.09.03"]

1. d4 Nf6 2. c4 e6 3. g3 d5 4. Nf3 Bb4+ 5. Bd2 Bd6 6. Bg2 c6 7. Qc2 Nbd7 8.
O-O O-O 9. Nc3 dxc4 10. Rad1 Qe7 11. Bg5 h6 12. Bxf6 Nxf6 13. Nd2 e5 14.
Nxc4 exd4 15. Nxd6 Qxd6 16. e3 c5 17. exd4 cxd4 18. Nb5 Qb6 19. Nxd4 Bg4
20. f3 Bd7 21. Qb3 Qc5 22. Rf2 Rad8 23. Qc2 Qb6 24. Qb3 Qa5 25. Rfd2 Rfe8
26. Bf1 Re7 27. Qa3 Qxa3 28. bxa3 Rc8 29. Kf2 g6 30. Bb5 Rc5 31. Bxd7 Rxd7
32. Nb3 Rxd2+ 33. Rxd2 Rc3 34. Rd6 Ne8 35. Rd7 Rc2+ 36. Rd2 Rc7 37. Nd4 Kf8
38. Nb5 Rc5 39. Nxa7 Ra5 40. Nc8 Rxa3 41. Nb6 Nf6 42. h4 h5 43. Rb2 Ra6 44.
Nc4 1/2-1/2

[Event "InventiChess GM"]
[Site "Antwerp BEL"]
[Date "2010.09.11"]
[Round "9"]
[White "Meier,Geo"]
[Black "Hautot,S"]
[Result "1-0"]
[WhiteElo "2659"]
[BlackElo "2409"]
[EventDate "2010.09.03"]

1. d4 d5 2. c4 c6 3. Nf3 Nf6 4. e3 Bf5 5. Nc3 e6 6. Nh4 Be4 7. f3 Bg6 8.
Qb3 Qc7 9. Bd2 Be7 10. Rc1 dxc4 11. Bxc4 Nbd7 12. g3 a6 13. a4 O-O 14. O-O
e5 15. Ne2 Rad8 16. Rfd1 Bd6 17. Nxg6 hxg6 18. Be1 e4 19. Nf4 g5 20. Nh3 g4
21. Ng5 gxf3 22. Bxf7+ Kh8 23. Qe6 g6 24. Bxg6 Kg7 25. Bxe4 Rde8 26. Qf5
Re7 27. Bxf3 1-0

[Event "InventiChess GM"]
[Site "Antwerp BEL"]
[Date "2010.09.11"]
[Round "9"]
[White "De Jong,JW"]
[Black "Docx,S"]
[Result "0-1"]
[WhiteElo "2444"]
[BlackElo "2342"]
[EventDate "2010.09.03"]

1. d4 Nf6 2. c4 e6 3. Nc3 Bb4 4. f3 d5 5. a3 Be7 6. e4 dxe4 7. fxe4 e5 8.
d5 O-O 9. Nf3 Bg4 10. h3 Bxf3 11. Qxf3 Nbd7 12. Bd3 Bc5 13. Bd2 a5 14. g4
Ne8 15. h4 Bd4 16. O-O-O Nc5 17. Bc2 Nd6 18. Be3 Nxc4 19. Bxd4 exd4 20.
Rxd4 Ne5 21. Qg3 Re8 22. g5 Qd7 23. Rg1 b5 24. h5 b4 25. Nd1 Rab8 26. h6 g6
27. Qf2 Qd6 28. axb4 Rxb4 29. Kb1 Reb8 30. Rf1 Qb6 31. Rxb4 axb4 32. b3 Ra8
33. Qd4 Ncd7 34. Qxb6 Nxb6 35. Ne3 Kf8 36. Bd1 Nbd7 37. Nc4 Nxc4 38. bxc4
Ke7 39. Rf2 Ne5 40. Rb2 c5 41. dxc6 Nxc6 42. c5 Ra5 43. Bb3 Rxc5 44. Bd5
Nd4 45. Ra2 Ne6 46. Bxe6 Kxe6 47. Ra6+ Ke5 48. Rf6 Rc7 49. Kb2 Kxe4 50. Rf1
f5 51. gxf6 Rf7 52. Kb3 Ke5 53. Kxb4 g5 54. Kc4 Rxf6 55. Rh1 Kf5 56. Kd4
Re6 57. Kd5 Re7 58. Kd6 Re4 59. Kd5 Rh4 60. Rf1+ Kg6 61. Ke5 Kxh6 62. Kf5
Kh5 63. Ke5 h6 64. Kf5 Rh2 65. Ke4 Kh4 66. Kf3 h5 67. Ke3 g4 68. Kf4 Kh3
69. Ra1 Rf2+ 70. Ke3 g3 71. Rh1+ Kg4 72. Ra1 h4 73. Rb1 Rf8 74. Rb4+ Kh3
75. Ke2 g2 76. Rb1 Kh2 0-1

[Event "InventiChess GM"]
[Site "Antwerp BEL"]
[Date "2010.09.11"]
[Round "9"]
[White "Hovhanisian,M"]
[Black "Michiels,B"]
[Result "1/2-1/2"]
[WhiteElo "2474"]
[BlackElo "2459"]
[EventDate "2010.09.03"]

1. d4 d5 2. Nf3 Nf6 3. c4 c6 4. Nc3 e6 5. g3 Nbd7 6. Bg2 Be7 7. O-O O-O 8.
Qd3 b6 9. e4 dxe4 10. Nxe4 Bb7 11. Nxf6+ Bxf6 12. Rd1 Re8 13. Qc2 h6 14. c5
bxc5 15. dxc5 1/2-1/2

[Event "InventiChess GM"]
[Site "Antwerp BEL"]
[Date "2010.09.11"]
[Round "9"]
[White "Istratescu,A"]
[Black "Van der Stricht,G"]
[Result "1-0"]
[WhiteElo "2631"]
[BlackElo "2392"]
[EventDate "2010.09.03"]

1. e4 c5 2. Nf3 d6 3. d4 cxd4 4. Nxd4 Nf6 5. Nc3 a6 6. Be2 e5 7. Nb3 Be7 8.
O-O O-O 9. a4 Be6 10. Bf3 Nc6 11. Nd5 Bxd5 12. exd5 Na5 13. Qd3 Nd7 14. Nd2
f5 15. b4 e4 16. Bxe4 fxe4 17. Qxe4 Bf6 18. Qe6+ Kh8 19. Ra3 Rc8 20. bxa5
Rxc2 21. Ne4 Re8 22. Qf5 Re5 23. Qf3 Qe7 24. Re3 Nc5 25. Nxf6 Qxf6 26. Qh3
h6 27. Rf3 Qg6 28. Rf8+ Kh7 29. Qc8 Qd3 30. Rh8+ Kg6 31. Qg4+ Kf7 32. Bxh6
g5 33. Qh5+ Ke7 34. Qe8+ 1-0